000 01315nam a2200325 c 4500
999 _c169812
_d169812
003 BLK
005 20221026144856.0
008 180411b bul|||||r ||||||| ||bul||
010 _aKNG00177856000
040 _aBLK
041 _aBUL
_cBUL
080 _aАмериканска литература (на САЩ)
_b821.111(73)
_x-31
_z821.111(73)-31
100 1 _aКупър, Джеймз Фенимор
_eпърви автор
_9379840
139 _aКупър, Джеймз Фенимор
_bК 94
245 1 0 _aЛовецът на елени
_bРоман за юноши
_cДжеймз Фенимор Купър; прев. от англ. Владимир Илиев Мусаков.
250 _a2. изд.
257 _aUSA
260 _bНар. младеж
_c1977
_aСофия
300 _a496 с.
_c21 см
380 _aX
490 _aБиблиотека Приключения и научна фантастика
_v№ 131
_9204436
500 _a60 137 тир. - Ориг. загл. The Deerslayer.
700 1 _aМусаков, Владимир Илиев
_eпрев. от англ.
_9365282
852 _aЦб 84643
856 4 _qpdf
_i0.00
_ldisable
856 4 _qpdf
_i0.00
_ldisable
942 _cKNG
_n0
_s1
944 _aCR
_c07.07.2015
_lф /
_kНаталия_Любомирова
944 _aED
_c20.09.2017
_lф /
_kКети_Илиева
999 _d169812
999 _d169812